000 00686nam a2200289Ia 4500
005 20260324112929.0
008 008 260324s9999 xx 000 0 eng d
020 _a9781003473848
037 _aEBOOK
040 _aCRL
040 _beng
040 _cCRL
041 _2eng
041 _aeng
084 _qCRL
100 _aCarla EspaƱa
_91144725
245 0 _aNarrative Writing with Latinx Teens
245 0 _bTestimonios, Texts, and Teaching
260 _bTaylor and Francis
260 _c2024
365 _a
365 _b120
856 _uhttp://www.taylorfrancis.com/books/9781003473848
942 _cEBOOK
999 _c1734121
_d1734121